000 00857nam a2200253Ia 4500
003 OSt
005 20220923212909.0
006 a|||||r|||| 00| 0
007 ta
008 220922b |||||||| |||| 00| 0 hin d
024 _a156,707
037 _cTextual
040 _aARTS
_cARTS
_bhin
041 _2hin
_ahin
082 _aO152,6N30x, N0
100 _aशर्मा, श्रीनिवास
245 0 _aअनालोचित साहित्यिक निबन्ध
246 _aAnālochit sāhityik nibandha
260 _aदिल्ली
_b कादम्बरी प्रकाशन
_c1990
300 _a204 पृ.
_ccm.
650 _aहिन्दी साहित्य
_9156264
942 _hO152,6N30x, N0
_cTEXL
_2CC
999 _c311963
_d311963